000 00992nam a2200265 a 4500
005 20160621090002.0
008 900316s1988 sp a r 00010 spa d
020 _a842000619X
040 _ala
_cla
_dCO-BoIAVH
041 1 _heng
_aspa
044 _asp
082 0 4 _a572.8
_bB61m
245 0 0 _aBiología molecular y biotecnología /
_ceditado por J. M. Walker ; E. B. Gingold. ; traducido por Enrique Castro López-Tarruella [y otros 4]
260 _aZaragoza (España) :
_bEditorial Acribia,
_c1988.
300 _a239 páginas :
_bilustraciones ;
_c24 x 17 cm.
504 _aIncluye referencias bibliográficas.
534 _pTítulo original.
_tMolecular biology and biotechnology.
650 2 6 _aBiología molecular
650 2 6 _aBiotecnología
650 2 6 _aIngeniería genética
700 1 _aWalker, J. M.
_eeditor
700 1 _aGingold, E. B.
_eeditor
700 1 _aCastro López-Tarruella, Enrique,
_etraductor
942 _2ddc
_cLIBRO
999 _c350
_d350